• AIU
  • Tony Wilmot Memorial Library

The tears of juba and other poems from south sudan (Record no. 64293)

MARC details
000 -LEADER
fixed length control field 00307nam a2200121 4500
082 0# - DEWEY DECIMAL CLASSIFICATION NUMBER
Classification number 808.1
100 1# - MAIN ENTRY--PERSONAL NAME
Personal name Matti, Severino M.
245 10 - TITLE STATEMENT
Title The tears of juba and other poems from south sudan
Statement of responsibility, etc Severino M Matti
260 ## - PUBLICATION, DISTRIBUTION, ETC. (IMPRINT)
Place of publication, distribution, etc Juba
Date of publication, distribution, etc c.1993
300 ## - PHYSICAL DESCRIPTION
Extent 44 p.
700 1# - ADDED ENTRY--PERSONAL NAME
Personal name Matti, Severino M.
942 ## - ADDED ENTRY ELEMENTS (KOHA)
Source of classification or shelving scheme
Koha item type Books

No items available.